Countries With the Lowest Electricity Consumption - Statistics

General Stats
  • This quiz has been taken 23 times
  • The average score is 16 of 24
Answer Stats
Electricity Consumed Answer % Correct
27.75 Kiribati
86%
32.55 Nauru
86%
125 Federated States of Micronesia
82%
51.15 Tonga
82%
65.19 Vanuatu
82%
98.26 Solomon Islands
77%
213 Chad
73%
124 Samoa
73%
184 Saint Kitts and Nevis
68%
339 Burundi
64%
140 Central African Republic
64%
100 East Timor
64%
198 Grenada
64%
352 Saint Lucia
64%
133 Saint Vincent and The Grenadines
64%
39.06 Guinea-Bissau
59%
80.91 São Tomé and Príncipe
59%
59.69 Dominica
55%
314 Antigua and Barbuda
50%
93.37 Comoros
50%
291 Gambia
50%
348 Liberia
45%
242 Sierra Leone
45%
323 Somalia
45%
No matching quizzes found
Score Distribution
Percent of People with Each Score
Percentile by Number Answered
Your Score History
You have not taken this quiz